00317nam a2200121Ia 4500008004100000040001600041041001200057082001400069100001900083245004700102260003500149300001100184230917s9999||||xx |||||||||||||| ||und|| e51811aMAIN aEnglish aB N315A:F aApsler, Alfred 0aFighter for independence: Jawaharlal Nehru aNew YorkbJuluan Messnerc1964 a191 p.